| 000 | 00626nam a2200169Ia 4500 | ||
|---|---|---|---|
| 008 | 090711s9999 xx 000 0 und d | ||
| 082 | _b67280 | ||
| 100 | _aकेळकर काशिनाथ न. | ||
| 245 | _aगत गोष्टीSाी पुरवणी | ||
| 260 |
_b"केसरी मुद्रणालय," _c1941 |
||
| 300 | _a395+11 | ||
| 600 | _aकेळकर काशिनाथ न. | ||
| 630 | _aगत गोष्टीSाी पुरवणी | ||
| 700 | _aकेळकर काशिनाथ न. | ||
| 730 | _aगत गोष्टीSाी पुरवणी | ||
| 942 | _cBOOK | ||
| 999 |
_c283477 _d283477 |
||